000 00594nam a2200217 a 4500
001 0001-2168
003 ELIB.Books
008 190727 2010 eng
020 _aKBTS
092 _a221.88
_bBew
100 _aBewer, Julius A.
245 _aThe Literature of the Old Testament in it's Historical Development
260 _aNew York
_bColumbia Unversity Press
_c1922
300 _a452
_c22.5cm
650 _aOld Testament
856 _nKBTS Library
_uKBTS Elib
942 _2ddc
_cBK
990 _a1
998 _aEnglishbooks.elf
_ccat
_e2019-07-27
999 _c12168
_d12168